000 00572nam a2200181Ia 4500
001 17134
005 20260306170402.0
008 260306t2024||||xx |||||||||||||| ||und||
041 _aESP
082 _a657.46
_bH46
100 _aHerrada Córdova, Marco Antonio,
_eAUT
245 0 _aPautas para la determinación del impuesto a la renta de tercera categoría 2023; Pautas para la determinación del impuesto a la renta de personas naturales 2023
260 _c2024
300 _a56 páginas :
_c24 cm.
650 _aGEN
654 _aCCO
942 _cLIB
_dJUS
_fJUS
_2ddc
_n
999 _c17134
_d17134